<?xml version="1.0" encoding="UTF-8"?>
<record
    xmlns:xsi="http://www.w3.org/2001/XMLSchema-instance"
    xsi:schemaLocation="http://www.loc.gov/MARC21/slim http://www.loc.gov/standards/marcxml/schema/MARC21slim.xsd"
    xmlns="http://www.loc.gov/MARC21/slim">

  <leader>00676nam a2200193Ia 4500</leader>
  <controlfield tag="003">OSt</controlfield>
  <controlfield tag="005">20240529153131.0</controlfield>
  <controlfield tag="008">210210b1967   xxu||||| |||| 00| 0 eng d</controlfield>
  <datafield tag="040" ind1=" " ind2=" ">
    <subfield code="c">AL</subfield>
  </datafield>
  <datafield tag="041" ind1=" " ind2=" ">
    <subfield code="a">Kannada</subfield>
  </datafield>
  <datafield tag="082" ind1=" " ind2=" ">
    <subfield code="a">615.535K RAVA</subfield>
  </datafield>
  <datafield tag="100" ind1=" " ind2=" ">
    <subfield code="a">RAVAJIBHAYI MANIBHAYI PATELA.</subfield>
    <subfield code="d">&#xCB0;&#xCBE;&#xCB5;&#xC9C;&#xCBF;&#xCAC;&#xCBE;&#xCAF;&#xCCD; &#xCAE;&#xCA3;&#xCBF;&#xCAD;&#xCBE;&#xCAF;&#xCBF; &#xCAA;&#xC9F;&#xCC7;&#xCB2; </subfield>
    <subfield code="9">168441</subfield>
  </datafield>
  <datafield tag="245" ind1=" " ind2=" ">
    <subfield code="a">Arogyada amulya sadhana: manava mutra-svamutra.</subfield>
    <subfield code="b">&#xC86;&#xCB0;&#xCCB;&#xC97;&#xCCD;&#xCAF;&#xCA6; &#xC85;&#xCAE;&#xCC2;&#xCB2;&#xCCD;&#xCAF; &#xCB8;&#xCBE;&#xCA7;&#xCA8;: &#xCAE;&#xCBE;&#xCA8;&#xCB5; &#xCAE;&#xCC2;&#xCA4;&#xCCD;&#xCB0;-&#xCB8;&#xCCD;&#xCB5;&#xCAE;&#xCC2;&#xCA4;&#xCCD;&#xCB0; </subfield>
  </datafield>
  <datafield tag="260" ind1=" " ind2=" ">
    <subfield code="a">Bengaluru.</subfield>
    <subfield code="b">Bhudana Karyalaya,</subfield>
    <subfield code="c">1967</subfield>
  </datafield>
  <datafield tag="300" ind1=" " ind2=" ">
    <subfield code="a">420</subfield>
  </datafield>
  <datafield tag="690" ind1=" " ind2=" ">
    <subfield code="a">Pharmacology</subfield>
    <subfield code="9">168442</subfield>
  </datafield>
  <datafield tag="906" ind1=" " ind2=" ">
    <subfield code="a">027604</subfield>
  </datafield>
  <datafield tag="942" ind1=" " ind2=" ">
    <subfield code="2">ddc</subfield>
    <subfield code="c">BK</subfield>
  </datafield>
  <datafield tag="999" ind1=" " ind2=" ">
    <subfield code="c">78889</subfield>
    <subfield code="d">78889</subfield>
  </datafield>
  <datafield tag="952" ind1=" " ind2=" ">
    <subfield code="0">0</subfield>
    <subfield code="1">0</subfield>
    <subfield code="4">0</subfield>
    <subfield code="7">0</subfield>
    <subfield code="8">medical science</subfield>
    <subfield code="a">AL</subfield>
    <subfield code="b">AL</subfield>
    <subfield code="c">medical science</subfield>
    <subfield code="d">2021-02-17</subfield>
    <subfield code="g">4.00</subfield>
    <subfield code="l">0</subfield>
    <subfield code="o">615.535K RAVA</subfield>
    <subfield code="p">027604</subfield>
    <subfield code="r">2021-02-17 00:00:00</subfield>
    <subfield code="w">2021-02-17</subfield>
    <subfield code="y">BK</subfield>
  </datafield>
</record>
